[Event "AUTO-OPEN-1285"]
[Site "http://www.queenalice.com/game.php?id=471371"]
[Date "2008.10.1"]
[Round "1"]
[White "EddieK"]
[Black "Misa"]
[Result "0-1"]
[WhiteElo "1829"]
[BlackElo "1360"]

1. e4 e5 2. Bc4 Nf6 3. d3 Nc6 4. Bg5 Na5 5. Qf3 Nxc4 6. dxc4 Be7 7. Nc3 h6 8.
Bxf6 Bxf6 9. Nd5 d6 10. Nxf6+ Qxf6 11. Qxf6 gxf6 12. f4 Rg8 13. Kf2 f5 0-1

[Event "WELCOME_TO_YOU"]
[Site "http://www.queenalice.com/game.php?id=471981"]
[Date "2008.10.3"]
[Round "-"]
[White "Misa"]
[Black "eduardosouza"]
[Result "1-0"]
[WhiteElo "1321"]
[BlackElo "1156"]

1. d4 Nf6 2. Nf3 d5 3. e3 e6 4. c4 dxc4 5. Nc3 c6 6. Bxc4 Bb4 7. a3 Ba5 8. O-O
O-O 9. b4 Nh5 10. bxa5 Qxa5 11. Qb3 Nd7 12. Qb4 Qf5 13. e4 Qg4 14. h3 Qg6 15. g4
a5 16. Qb2 Nf4 17. Bxf4 Nb6 18. Qxb6 h5 19. g5 e5 20. Nh4 Qd6 21. dxe5 Qd7 22.
Ng6 Re8 23. Rad1 Qxh3 24. Qc7 Qxc3 25. Qxf7+ Kh7 26. Qxe8 Qxc4 27. Nf8+ Kh8 28.
Ne6+ Kh7 29. Qxh5+ Kg8 30. Rd8# 1-0

[Event "Challenge"]
[Site "http://www.queenalice.com/game.php?id=492877"]
[Date "2008.11.13"]
[Round "-"]
[White "Attia"]
[Black "Misa"]
[Result "0-1"]
[WhiteElo "1590"]
[BlackElo "1419"]

1. e4 e5 2. Nf3 Nc6 3. Bc4 Nf6 4. Nc3 Nxe4 5. Nxe4 d5 6. Bd3 dxe4 7. Bxe4 Nd4 8.
c3 f5 9. Bd5 Qxd5 10. cxd4 Qe4+ 11. Qe2 Qxe2+ 12. Kxe2 e4 13. Ne5 Bd6 14. d3 c5
15. Nc4 Be7 16. dxc5 Bxc5 17. dxe4 fxe4 18. Bf4 O-O 19. Nd6 Rxf4 20. Rhd1 Rxf2+
21. Ke1 Rxg2 22. Nxe4 Rg1+ 23. Ke2 Bg4+ 24. Kd2 Rxd1+ 25. Rxd1 Bxd1 26. Nxc5 Bf3
27. Nd7 Rd8 28. Ke3 Rxd7 0-1

[Event "Total90-1"]
[Site "http://www.queenalice.com/game.php?id=496060"]
[Date "2008.11.20"]
[Round "-"]
[White "Misa"]
[Black "Matrim"]
[Result "0-1"]
[WhiteElo "1520"]
[BlackElo "1958"]

1. e4 c5 2. Nf3 d6 3. d4 cxd4 4. Nxd4 e5 5. Nb5 a6 6. N5a3 f5 7. Nc3 fxe4 8.
Nxe4 Nf6 9. Bg5 h5 10. Qf3 Be7 11. O-O-O Bg4 12. Nxf6+ gxf6 13. Qxb7 Bxd1 14.
Qxa8 Bxc2 15. Nxc2 fxg5 16. Bc4 Rf8 17. f3 g4 18. Rf1 gxf3 0-1

[Event "Total60-1"]
[Site "http://www.queenalice.com/game.php?id=496721"]
[Date "2008.11.22"]
[Round "-"]
[White "Misa"]
[Black "charles31"]
[Result "1-0"]
[WhiteElo "1476"]
[BlackElo "1718"]

1. e4 e5 2. Nf3 d6 3. d4 exd4 4. Nxd4 h6 5. Nc3 Nf6 6. Bd3 Bg4 7. Be2 Bxe2 8.
Ndxe2 Nc6 9. h3 Qe7 10. Ng3 Qe6 11. O-O g5 12. Nd5 O-O-O 13. Re1 Nxd5 14. exd5
Qf6 15. dxc6 b6 16. Qg4+ Kb8 17. Qe2 Bg7 18. Qa6 1-0

[Event "Ajedrez-ahuahuaha"]
[Site "http://www.queenalice.com/game.php?id=502103"]
[Date "2008.12.3"]
[Round "-"]
[White "Misa"]
[Black "si0ux"]
[Result "1-0"]
[WhiteElo "1520"]
[BlackElo "1338"]

1. e4 e5 2. Nf3 Nc6 3. Bb5 a6 4. Ba4 Nf6 5. O-O Be7 6. Re1 O-O 7. c3 b5 8. Bb3
d6 9. h3 Rb8 10. d4 d5 11. dxe5 Nh5 12. Bxd5 Na5 13. b4 c6 14. bxa5 cxd5 15.
exd5 Bc5 16. Ba3 Qe7 17. d6 Qa7 18. Bxc5 Qxc5 19. Qd4 Qxd4 20. cxd4 b4 21. Nbd2
Rb5 22. Rab1 Rxa5 23. Rxb4 Rxa2 24. Rc1 Nf4 25. Rc7 Nd5 26. d7 Nxc7 27. dxc8=Q
Rxc8 28. Rc4 h6 29. d5 Rd8 30. Rxc7 Rxd5 31. Rc8+ Kh7 32. Re8 a5 33. Re7 a4 34.
Rxf7 Rdxd2 35. Nxd2 Rxd2 36. e6 Kg8 37. Ra7 Rd4 38. Ra8+ Kh7 39. e7 Re4 40. e8=Q
Rxe8 41. Rxe8 a3 42. f4 Kg6 43. g4 a2 44. Ra8 Kf6 45. Kf2 1-0

[Event "Let's Play Chess!"]
[Site "http://www.queenalice.com/game.php?id=562227"]
[Date "2009.3.27"]
[Round "-"]
[White "basti822"]
[Black "Misa"]
[Result "0-1"]
[WhiteElo "1700"]
[BlackElo "1542"]

1. e4 e5 2. Bc4 Nf6 3. d3 h6 4. Qf3 Nc6 5. Ne2 d6 6. O-O Bg4 7. Qe3 Bxe2 8. Qxe2
Nd4 9. Qd2 b5 10. Bd5 c6 11. Bb3 Nxb3 12. axb3 Be7 13. Qa5 O-O 14. Be3 Qxa5 15.
Rxa5 a6 16. Nd2 Bd8 17. f3 Bxa5 18. c3 d5 19. b4 Bc7 20. d4 Rfe8 21. dxe5 Bxe5
22. f4 Bc7 23. e5 Ng4 24. Bd4 Rab8 25. h3 Nxe5 26. Bxe5 Bxe5 27. fxe5 Rxe5 28.
Nf3 Re2 29. Nd4 Rxb2 30. Nxc6 Rb6 31. Ne7+ Kf8 32. Nxd5 Rd6 33. Nc7 Rbd2 34. Rf3
R2d3 35. Rxd3 Rxd3 36. Nxa6 Rxc3 37. Kf2 Ke7 38. Ke2 Kd6 0-1

[Event "Let's Play Chess! - welcome"]
[Site "http://www.queenalice.com/game.php?id=562296"]
[Date "2009.3.27"]
[Round "-"]
[White "Misa"]
[Black "dladuke7"]
[Result "1-0"]
[WhiteElo "1512"]
[BlackElo "1680"]

1. e4 e5 2. Nf3 Nc6 3. Bb5 a6 4. Ba4 Nf6 5. O-O Bc5 6. Re1 Ng4 7. d4 b5 8. dxc5
bxa4 9. h3 Nd4 10. hxg4 Nxf3+ 11. Qxf3 Bb7 12. Nd2 d6 13. Nc4 a5 14. cxd6 cxd6
15. Rd1 d5 16. exd5 O-O 17. Nxe5 f6 18. Nc6 Bxc6 19. dxc6 Qe7 20. Rd7 Qe1+ 21.
Kh2 Rac8 22. Qd5+ Kh8 23. c7 Qe8 24. Bf4 g5 25. Be3 h5 26. Rd1 hxg4 27. Rd8 Qe7
28. Rxf8+ Rxf8 29. Bc5 Qxc7+ 30. Bd6 Qd7 31. Bxf8 Qxd5 32. Rxd5 Kg8 33. Be7 Kf7
34. Bxf6 Kxf6 35. Rxa5 1-0

[Event "AUTO-INT-1287"]
[Site "http://www.queenalice.com/game.php?id=579559"]
[Date "2009.4.28"]
[Round "1"]
[White "niclep"]
[Black "Misa"]
[Result "0-1"]
[WhiteElo "1748"]
[BlackElo "1645"]

1. e4 e5 2. Nf3 Nc6 3. Bb5 a6 4. Bxc6 dxc6 5. Nxe5 Qd4 6. Ng4 Qxe4+ 7. Ne3 Bc5
8. d3 Qe7 9. O-O Be6 10. c4 Bd4 11. Nd2 Nh6 12. Nb3 O-O-O 13. Nc2 c5 14. Bxh6
gxh6 15. Nbxd4 cxd4 16. Qf3 Rhg8 17. Rfe1 Qg5 18. g3 h5 19. h4 Qxh4 20. Re4 Rg4
21. Kf1 Qh3+ 22. Ke2 Rxe4+ 23. Qxe4 Qg4+ 24. Qxg4 hxg4 25. Rh1 c5 26. Rxh7 Re8
27. Kf1 Re7 28. a3 Bf5 29. Rh8+ Kc7 30. Ne1 Re6 31. Rh5 Re5 32. f3 Bxd3+ 33.
Nxd3 Rxh5 34. fxg4 Rg5 35. Nf2 f5 36. gxf5 Rxf5 37. Kg2 b5 38. g4 Re5 39. Kf3
bxc4 40. Ne4 d3 41. Ke3 Rxe4+ 0-1

[Event "AUTO-INT-1287"]
[Site "http://www.queenalice.com/game.php?id=579560"]
[Date "2009.4.28"]
[Round "1"]
[White "Misa"]
[Black "niclep"]
[Result "1-0"]
[WhiteElo "1599"]
[BlackElo "1668"]

1. e4 e5 2. Nf3 Nc6 3. Bb5 Nge7 4. O-O a6 5. Ba4 b5 6. Bb3 Ng6 7. c3 d6 8. h3
Be7 9. Re1 O-O 10. d4 h6 11. d5 Na5 12. a4 bxa4 13. Bxa4 Nc4 14. Qd3 Nb6 15. Bb5
Nf4 16. Bxf4 exf4 17. Bxa6 Bd7 18. Nbd2 g5 19. Bc4 Bf6 20. Bb3 Re8 21. Rxa8 Qxa8
22. Bc2 Qb8 23. e5 dxe5 24. Qh7+ Kf8 25. Qxh6+ Bg7 26. Qxg5 f6 27. Qh5 Nxd5 28.
Bf5 Bxf5 29. Qxf5 Qxb2 30. Nxe5 Qxd2 31. Nd7+ Kf7 32. Qh5+ 1-0

[Event "AUTO-INT-1287"]
[Site "http://www.queenalice.com/game.php?id=579571"]
[Date "2009.4.28"]
[Round "1"]
[White "aureliano"]
[Black "Misa"]
[Result "0-1"]
[WhiteElo "1602"]
[BlackElo "1580"]

1. e4 e5 2. Nc3 Nf6 3. Nf3 Nc6 4. Bc4 h6 5. Nh4 Nxe4 6. Qf3 Nf6 7. d3 Nd4 8. Qd1
d5 9. Bb3 Nxb3 10. axb3 d4 11. Ne4 Nxe4 12. Nf3 Nf6 13. Ra5 Bb4+ 14. Bd2 Bxa5
15. Bxa5 b6 16. Bb4 c5 17. Ba3 Qc7 18. O-O Bg4 19. h3 Be6 20. c4 a5 21. Qe2 Nd7
22. Qe4 Rb8 23. Re1 f6 24. Qg6+ Kf8 25. Nh4 Bf7 26. Qf5 Qd6 27. Re4 Re8 28. Rg4
Be6 29. Qg6 Bxg4 30. hxg4 Qe7 31. Nf5 Qf7 32. Ne7 Rxe7 33. Qe4 g6 34. Qa8+ Kg7
35. Qc6 h5 36. Qe4 hxg4 37. Qxg4 f5 38. Qg5 Rh5 39. Qd2 Re8 40. f3 Reh8 41. Kf2
Qf6 42. Ke2 Rh2 43. Kd1 R8h5 44. Kc1 Qg5 45. Kb1 Qxd2 46. Ka2 Rh1 47. g4 Qc1 48.
b4 a4 49. b3 Qa1# 0-1

[Event "AUTO-INT-1287"]
[Site "http://www.queenalice.com/game.php?id=579572"]
[Date "2009.4.28"]
[Round "1"]
[White "Misa"]
[Black "aureliano"]
[Result "1-0"]
[WhiteElo "1619"]
[BlackElo "1635"]

1. e4 e5 2. Nf3 Nc6 3. Bb5 b6 4. O-O Bb7 5. Re1 Bc5 6. Nc3 Nd4 7. Nxd4 exd4 8.
Na4 Nf6 9. Nxc5 bxc5 10. d3 a6 11. Ba4 O-O 12. c3 d5 13. exd5 Qxd5 14. f3 Ng4
15. Bb3 Qc6 16. cxd4 cxd4 17. Bf4 Rac8 18. Rc1 Qg6 19. fxg4 c5 20. Re5 Qc6 21.
Bd5 Qb6 22. Bxb7 Qxb7 23. b3 Rc6 24. Rcxc5 Rg6 25. Qf3 Qd7 26. g5 h6 27. gxh6
gxh6 28. Rh5 Kh7 29. Rcg5 Qe7 30. Rxg6 fxg6 31. Rxh6+ Kg7 32. Rh4 Rh8 33. Rxh8
Kxh8 34. Qe4 Qc5 35. Be5+ Kh7 36. Qh4+ Kg8 37. Qh8+ Kf7 38. Qg7+ Ke6 39. Qf6+
Kd5 40. Qg5 Kc6 41. Qxg6+ Kb5 42. a4+ Ka5 43. Qf5 Kb4 44. h4 Kxb3 45. h5 Kxa4
46. h6 Qc1+ 47. Qf1 Qxh6 48. Qd1+ Kb4 49. Bxd4 a5 50. Qb1+ Ka4 51. Qa2+ Kb5 52.
Qc4# 1-0

[Event "AUTO-INT-1287"]
[Site "http://www.queenalice.com/game.php?id=579577"]
[Date "2009.4.28"]
[Round "1"]
[White "therota2"]
[Black "Misa"]
[Result "0-1"]
[WhiteElo "1441"]
[BlackElo "1637"]

1. d4 d5 2. e3 Nf6 3. Bd3 e6 4. f3 c5 5. Nc3 cxd4 6. exd4 Bb4 7. Ne2 O-O 8. Bf4
Bd7 9. O-O Nh5 10. g4 Nxf4 11. Nxf4 a6 12. Qc1 Bxc3 13. bxc3 b5 14. Kf2 Qh4+ 15.
Ke3 f5 16. h3 g5 17. gxf5 Qxf4+ 18. Ke2 Qxc1 19. Raxc1 exf5 20. Rg1 h6 21. h4
Rf7 22. hxg5 hxg5 23. Rxg5+ Kf8 24. Rh1 Ke7 25. Re1 Kd8 26. Rh1 Kc7 27. f4 Nc6
28. Ke3 Na5 29. Rb1 Re7+ 30. Kd2 Nc4+ 31. Kc1 Re1# 0-1

[Event "AUTO-INT-1287"]
[Site "http://www.queenalice.com/game.php?id=579578"]
[Date "2009.4.28"]
[Round "1"]
[White "Misa"]
[Black "therota2"]
[Result "1-0"]
[WhiteElo "1570"]
[BlackElo "1374"]

1. e4 e5 2. Nf3 f6 3. Nxe5 fxe5 4. Qh5+ g6 5. Qxe5+ Qe7 6. Qxh8 Nf6 7. d3 Nc6 8.
Bg5 Qb4+ 9. Nd2 Qxb2 10. Rd1 d5 11. Bxf6 Bg4 12. Bxb2 Bxd1 13. Kxd1 Nb4 14. Qe5+
Kd8 15. a3 Nc6 16. Qxd5+ Ke7 17. Bc3 a5 18. Nc4 a4 19. Ne5 Ra5 20. Nxc6+ bxc6
21. Qxa5 1-0

[Event "Let's Play Chess!"]
[Site "http://www.queenalice.com/game.php?id=585730"]
[Date "2009.5.9"]
[Round "-"]
[White "Misa"]
[Black "Garzhvog"]
[Result "1/2-1/2"]
[WhiteElo "1665"]
[BlackElo "1889"]

1. e4 c6 2. d4 d5 3. Nd2 dxe4 4. Nxe4 Bf5 5. Ng3 Bg6 6. h4 h5 7. Nf3 Nd7 8. Bf4
e6 9. Ne5 Bh7 10. Bd3 Bxd3 11. Qxd3 Nxe5 12. dxe5 Bb4+ 13. Ke2 Qxd3+ 14. cxd3
O-O-O 15. Rad1 Ne7 16. a3 Ba5 17. Bg5 Rd7 18. Bxe7 Rxe7 19. d4 Rd7 20. Rd3 g6
21. Rhd1 Rhd8 22. b4 Bb6 23. Ke3 a5 24. Ne4 axb4 25. axb4 Rd5 26. f4 Kc7 27. Nc3
R5d7 28. Na4 Rd5 29. Nxb6 Kxb6 30. Rc1 Rb5 31. Rb3 Ra8 32. Rc5 Rxc5 33. bxc5+
Kc7 34. Kf3 Ra4 35. Rd3 b6 36. cxb6+ Kxb6 37. Rb3+ Kc7 38. Rd3 Rb4 39. g4 Kb6
40. gxh5 gxh5 41. Rd2 Rb3+ 42. Kg2 Kb5 43. Rc2 Rd3 44. Rb2+ Kc4 45. Rb7 Kxd4 46.
Rxf7 c5 47. Rd7+ Ke4 48. Rxd3 Kxd3 49. f5 c4 50. fxe6 c3 51. e7 c2 52. e8=Q c1=Q
53. Qb5+ Ke4 54. Qe2+ Kd5 55. e6 Kd6 56. Qe4 Qc6 57. Kf3 Qxe4+ 58. Kxe4 Kxe6 59.
Kf4 Kf6 60. Ke4 Ke6 61. Kf4 Kf6 62. Ke4 Ke6 63. Kf4 1/2-1/2

[Event "Challenge"]
[Site "http://www.queenalice.com/game.php?id=599417"]
[Date "2009.6.6"]
[Round "-"]
[White "Misa"]
[Black "knight401"]
[Result "0-1"]
[WhiteElo "1674"]
[BlackElo "1659"]

1. e4 e5 2. Nf3 Nc6 3. Bb5 Bd6 4. c3 Nce7 5. O-O c6 6. Ba4 Ng6 7. d4 h6 8. Re1
Qc7 9. d5 Nf6 10. Bb3 O-O 11. Nbd2 Be7 12. Nf1 d6 13. h3 Nh7 14. Ng3 Bd7 15. c4
Rfe8 16. Qd3 Rad8 17. a4 a5 18. Be3 Bf8 19. Rac1 c5 20. Bc2 Be7 21. b3 Bg5 22.
Nf1 Bxe3 23. Nxe3 Rc8 0-1